00485nam a22001577a 4500003000400000005001700004008004100021022001300062040002900075050002200104100002600126245008600152260003100238300002700269650003100296OSt20230724160222.0230724b |||||||| |||| 00| 0 eng d a0305750X cChuka University Library aHC 59.7b.S3 1995 aJohn Humphrey(editor) aIndustrial organization and manufacturing competitiveness in developing countries aOxford, UKbPergamonc1995 a162 pagesbIllustrated aIndustrial competitiveness